Spomienky šéflekára 2. paradesantnej brigády (3) Ústup do hôr

Bibliographic Details
Main Author: Rehák, Alexander, 1918-2018 (Author)
Format: Article
Language:Slovak
PhysicalDescription:Fotogr.
ISSN:0323-2018
Subjects:

MARC

LEADER 00000nab a2200000 a 4500
001 vtls000850853
003 SK-MaSNL
005 20260304182849.0
008 180409c xo 0 slo
015 |a SNBRB2003/10-26399 
035 |a CLN000202508 
040 |a SNKBUCL  |b slo  |c SNKBUCL  |e AACR2 
041 0 |a slo 
044 |a xo  |c SK 
080 |a 94(437.6)"1944":355.48  |2 1997 
080 |a 94(100)"1939/1945":355.48  |2 1997 
080 |a 355.48(437.6)"1944"  |2 1997 
080 |a 355.425.4(437.6)"1944"  |2 1997 
100 1 |a Rehák, Alexander,  |d 1918-2018  |4 aut  |9 198303 
245 1 0 |a Spomienky šéflekára 2. paradesantnej brigády  |n (3)  |p Ústup do hôr  |c Alexander Rehák 
300 |b Fotogr. 
500 |a Pokračovanie v nasl. čísle 
610 2 7 |a Druhá československá paradesantná brigáda v ZSSR  |2 SNKKA  |9 78590 
648 7 |a 1944  |2 SNK  |9 294704 
650 0 7 |a Slovenské národné povstanie (1944)  |2 SNKPH  |9 177948 
650 0 7 |a druhá svetová vojna (1939-1945)  |2 SNKPH  |9 169657 
650 0 7 |a protifašistický odboj  |2 SNKPH  |9 4751 
651 7 |a Slovensko  |x dejiny  |2 SNKPHgeo  |9 13278 
655 7 |a články z novín a časopisov  |2 snkbucl  |9 267496 
773 0 |t Bojovník  |g Roč. 28(47), č. 21 (2003), s. 6-7  |x 0323-2018 
850 |a Slovenská národná knižnica v Martine 
852 |a SNK  |b KIS3GCP 
958 |a OS 
992 |a RBX 
999 |c 3031613  |d 3033543